Cornwall Train Stations - Statistics

General Stats
  • This quiz has been taken 81 times
  • The average score is 21 of 36
Answer Stats
Stations % Correct
Penzance
99%
Truro
94%
St Austell
90%
Newquay
89%
Redruth
89%
St Ives
89%
Liskeard
85%
Camborne
83%
Bodmin Parkway
79%
St Erth
79%
Looe
76%
Par
76%
Saltash
75%
Falmouth Docks
67%
Penryn
65%
Hayle
64%
Falmouth Town
63%
Lostwithiel
60%
St Germans
53%
Lelant
50%
Perranwell
47%
Carbis Bay
46%
Lelant Saltings
42%
Bugle
39%
Menheniot
39%
St Columb Road
38%
Roche
36%
Penmere
35%
Gunnislake
33%
St Keyne Wishing Well Halt
33%
Quintrell Downs
32%
Coombe Junction Halt
31%
Luxulyan
31%
Sandplace
31%
Calstock
28%
Causeland
26%
No matching quizzes found
Score Distribution
Percent of People with Each Score
Percentile by Number Answered
Your Score History
You have not taken this quiz